Normal view
MARC view
Entry Personal Name
001 - CONTROL NUMBER
- control field: 8525
003 - CONTROL NUMBER IDENTIFIER
- control field: ARRUPE
005 - DATE AND TIME OF LATEST TRANSACTION
- control field: 20140207132801.0
008 - FIXED-LENGTH DATA ELEMENTS
- fixed length control field: 140207|| aca||aabn | a|a d
040 ## - CATALOGING SOURCE
- Original cataloging agency: ARRUPE
- Transcribing agency: ARRUPE
100 ## - HEADING--PERSONAL NAME
- Personal name: Smith, R. Cherer
- Fuller form of name: (Robert Cherer),
- Dates associated with a name: 1919-
670 ## - SOURCE DATA FOUND
- Source citation: Work cat.: (ARRUPE)0: Smith, R. Cherer (Robert Cherer), 1919-, The house of Cherer /, c1972.